| 000 | 00743nam a2200253 a 4500 | ||
|---|---|---|---|
| 008 | |||
| 020 | _a8185749132 (pbk.) | ||
| 049 | _aMAIN | ||
| 090 | _aT56 SHA | ||
| 100 | 1 | _aSharma, S. K. | |
| 245 | 1 | 0 |
_aIndustrial engineering and operations management/ _cS.K. Sharma, Savita Sharma and Tushar Sharma. |
| 260 |
_aDehli : _bS.K. Kataria, _c2002. |
||
| 300 |
_axxvii, 857 p. : _bill. ; _c25 cm. |
||
| 500 | _aIncludes index. | ||
| 650 | 0 | _aIndustrial engineering. | |
| 650 | 0 | _aOperations research. | |
| 700 | 1 | _aSharma, Savita. | |
| 700 | _aSharma, Tushar. | ||
| 907 |
_a.b10153597 _b30-11-07 _c23-02-05 |
||
| 003 | |||
| 005 | 20230123133929.0 | ||
| 040 | _cNUST | ||
| 942 |
_cBOOKS _kT56 SHA |
||
| 999 |
_c157080 _d157080 |
||